China steps out Beijing's major power engagement with the developing world

Featuring contributions by recognized experts, China Steps Out analyzes and explains China's strategies in Southeast Asia, Central Asia, South Asia, Africa, Middle East, and Latin America, and evaluates their effectiveness. This book explains how other countries perceive and respond to China�...

Full description

Saved in:
Bibliographic Details
Other Authors: Eisenman, Joshua (Editor), Heginbotham, Eric (Editor)
Format: Book
Language:English
Published: Abingdon, Oxon Routledge, Taylor & Francis Group 2018
Subjects:
Tags: Add Tag
No Tags, Be the first to tag this record!
Call Number :D 888.C6 C456 2018

MARC

LEADER 00000nam a2200000 i 4500
001 52864
003 MY-KLNDU
005 20241219014311.0
008 221104 2018 enka abi 001 0 eng d
020 |a 9781138692329 (hardback) 
020 |a 1138692328 (hardback) 
039 9 |a 202211041226  |b VLOAD  |c 201909301506  |d johari  |y 201904011508  |z helmey 
040 |a UPNM  |b eng  |c UPNM  |e rda 
090 |a D 888.C6  |b C456 2018 
245 0 0 |a China steps out  |b Beijing's major power engagement with the developing world  |c edited by Joshua Eisenman and Eric Heginbotham. 
264 1 |a Abingdon, Oxon  |b Routledge, Taylor & Francis Group  |c 2018 
300 |a xiv, 438 pages  |b illustrations  |c 24 cm. 
336 |a text  |2 rdacontent 
337 |a unmediated  |2 rdamedia 
338 |a volume  |2 rdacarrier 
504 |a Includes bibliographical references and index. 
520 |a Featuring contributions by recognized experts, China Steps Out analyzes and explains China's strategies in Southeast Asia, Central Asia, South Asia, Africa, Middle East, and Latin America, and evaluates their effectiveness. This book explains how other countries perceive and respond to China's growing engagement and influence. Each chapter is informed by the functionally organized academic literature and addresses a uniform set of questions about Beijing's strategy. 
592 |a 25677  |b 04/07/2019  |c RM 596.18  |h Pustaka Kamza 
651 0 |a China  |x Foreign relations  |z Developing countries. 
651 0 |a Developing countries  |x Foreign economic relations  |z China. 
700 1 |a Eisenman, Joshua,  |e editor. 
700 1 |a Heginbotham, Eric,  |e editor. 
999 |a vtls000062980  |c 52864  |d 52864